The Conservation of Orbital Symmetry

Bibliographic Details
Main Authors: Woodward, R. B, Hoffmann, R.
Format: Section = Libro
Language:Undetermined
Spanish
Published: United Stated Verlag Chemie GmbH 1971
Subjects:
LEADER 00573nam a2200205Ia 4500
008 240830s9999 xx 000 0 und d
040 |a CEDOC FIQ-RUSB / 547 W899 
041 |a spa 
082 |a 547 W899 
100 1 |a Woodward, R. B 
100 1 |b Hoffmann, R. 
245 1 4 |a The Conservation of Orbital Symmetry 
260 |a United Stated  |b Verlag Chemie GmbH  |c 1971 
300 |a 177 p. :il. 
650 7 |a QUÍMICA ORGÁNICA 
650 7 |b  DIAGRAMAS DE CORRELACIÓ 
650 7 |c  LA CONSERVACIÓN DE LA SIMETRÍA ORBITAL 
942 |c BK  |2 ddc 
991 |a TEXTO 
999 |c 13983